000
00312nam a2200121Ia 4500
008
241002s9999 xx 000 0 und d
082
_a
954 CHA
100
_a
Charles R. Moore
245
4
_a
The Indian Mind Essentials of Indian Philosophy and Culture
260
_a
N/A
_c
N/A
600
_a
Philosophy
942
_c
UC
999
_c
18983
_d
18983